Представление документа в формате MARC21

Поле Инд. ПП Название Значение
Тип записи a
Библиографический уровень a
001 Контрольный номер 645145b10e9e4932818f2a2dcad2630e
005 Дата корректировки 20160829094811.8
020 a ISBN 5-7644-0977-2
040 a Служба первич. каталог. НБ ТвГУ
b Код языка каталог. rus
e Правила каталог. PSBO
041 0_ a Код языка текста rus
097 b Оператор komarovaES
100 1_ a Автор Воробьева И. Г.
245 10 a Заглавие Актуализация элементов однородного ряда на уровне высказывания
260 a Место издания Ставрополь
b Издательство Ставропольское книжное изд-во
520 0_ a Аннотация Статья посвящена актуализации элементов однородного ряда на уровне высказывания. В коммуникативном оформлении текста существенную роль играют знаки препинания как средство акцентирования составляющих его элементов одинакового синтаксического статуса. Относясь к области графического оформления, пунктационные знаки выполняют двоякую роль.
653 0_ a Ключевые слова Лингвистика
a Ключевые слова Синтаксис
a Ключевые слова Однородные ряды
a Ключевые слова Логика
a Ключевые слова Пунктуация
a Ключевые слова Графические знаки
a Ключевые слова Лексика
773 18 w Контрольный № источника 74aa0f4c-b1c7-44d0-97f6-06c37c8d8958
t Название источника Филология, журналистика, культурология в парадигме современного научного знания
d Место и дата издания Ставрополь : Ставропольское книжное изд-во, 2004
g Прочая информация Ч. 2. - С. 10-13
901 t Тип документа a
920 a Оператор Кома